| 000 | 00449nam a2200157Ia 4500 | ||
|---|---|---|---|
| 008 | 230312s9999||||xx |||||||||||||| ||und|| | ||
| 020 | _a9788120333550 | ||
| 082 |
_a621.38152 _bPAT-P |
||
| 100 | _aParanabis D. | ||
| 245 | 0 | _aPrinciples of electronic instrumentation | |
| 260 |
_bPHI _aNew Delhi _c2008 |
||
| 300 | _a565 | ||
| 546 | _aEng. | ||
| 650 |
_aEngineering _vCombination and sequential logic circuits, Cathode-ray oscilloscope |
||
| 942 | _cBK | ||
| 999 |
_c1735 _d1735 |
||